Регионална библиотека "Любен Каравелов" - Русе

На брега на времето (Запис номер 121993)

MARC детайли
000 -Лидер
Контролно поле с фиксирана дължина 01663nam a2200337 c 4500
003 - Код на организацията, давaща контролен номер
Контролно поле BLK
005 - Дата и час на последна редакция
Контролно поле 20241206005451.0
008 - Елементи от данни с фиксирана дължина
fixed length control field 180409b bul|||||r ||||||| ||bul||
010 ## - Наследен системен номер
LC control number KNG00127626000
040 ## - Източник на каталожния запис
Идентификатор на билиотеката - собственик на записа BLK
041 ## - Код за език
Код за езика на текст/звукозапис или на отделно заглавие Български
Код за езика КДБФ Български
080 ## - УДК
Текстов определител УДК Българска литература
УДК код - определител по УДК 821.163.2
УДК определител -1
УДК - код + определител 821.163.2-1
100 ## - Редна дума - Автор
Автор Багряна, Елисавета
Дати, свързани с автора 1893-1991
Пълна форма на името Белчева, Елисавета Любомирова
R(LIN) 364149
139 ## - Редно поле
Редна дума Багряна, Елисавета
Авторски знак Баг - Б 13
245 10 - Сведения за заглавието
Заглавие На брега на времето
Подзаглавни данни Стихотворения
Редно поле (дума) Елисавета Багряна; худож. Стоян Стоянов; с послесл. от Георги Русев; * Любен Георгиев; * Елисавета Любомирова Белчева.
257 ## - Страна на издаване
Страна на създаване/издаване България
260 ## - Област на издателските данни
-- София
Име на издателя, разпространителя и проч. Профиздат
Година на издаване 1983
300 ## - Физическа характеристика
Страници 95 с.
Илюстрации и др. с ил.
Размери/Мащаб 21 см
380 ## - Жанр
Жанр Худож. лит.
500 ## - Общи забележки
Забележка Истинското име на авт. е Елисавета Любомирова Белчева. - 8 147 тир.
700 1# - Други автори (авторска отговорност)
Лично име Стоянов, Стоян
Автороска отговорност (Описва отношението между автора и произведението) худож.
Друга информация Иванов, Стоян Стоянов
9 (RLIN) 366035
700 1# - Други автори (авторска отговорност)
Лично име Русев, Георги
Автороска отговорност (Описва отношението между автора и произведението) с послесл. от
9 (RLIN) 317358
700 1# - Други автори (авторска отговорност)
Лично име Георгиев, Любен
Автороска отговорност (Описва отношението между автора и произведението) *
Друга информация Христов, Любен Георгиев
9 (RLIN) 363917
700 ## - Други автори (авторска отговорност)
Лично име Белчева, Елисавета Любомирова
9 (RLIN) 269418
852 ## - Местоположение
Форматна сигнатура Цб 120496
856 4# - Електронен адрес и достъп
Електронен формат pdf - файл
Път до файла /url/
856 4# - Електронен адрес и достъп
Електронен формат pdf - файл
Път до файла /url/
942 ## - АРТИКУЛИ
Вид на библиотечния материал Книги
Скрит в OPAC Не
944 ## - СЪЗДАВАНЕ И РЕДАКЦИЯ на ЗАПИСА
Създаване/Редакция Създаване
Дата на регистрацията/редакция 17.02.2012
Статус, дата на статуса CRON CRON
Служител, извършил регистрацията/редакцията
944 ## - СЪЗДАВАНЕ И РЕДАКЦИЯ на ЗАПИСА
Създаване/Редакция Редакция
Дата на регистрацията/редакция 17.02.2012
Статус, дата на статуса 17.02.2012 - от С1,Р / 17.02.2012
Служител, извършил регистрацията/редакцията
999 ## - СИСТЕМНИ КОНТРОЛНИ НОМЕРА
Koha biblionumber 121993
Koha biblioitemnumber 121993
Наличности
Код за отписване Код за изгубен артикул Източник на класификационната схема Код за повреда Коз за рестрикции Код за отдаване Артикулен № Име на библиотеката - собственик Име на библиотеката, в която се намира в момента Статус (Текущо местоположение) Дата на вписване в системата Местоположение - отдел Цена в лева Инвентарен номер Систематично азбучна сигнатура Баркод Номер на екземпляра Цена в евро Служебна бележка Служебен тип на артикула Бележка за публиката
  Не е изгубен Universal Decimal Classification Не е повреден без рестрикции ползва се в читалня 197285 Регионална библиотека "Любен Каравелов" Русе Регионална библиотека "Любен Каравелов" Русе Хранилище 1983-01-01 Хранилище 0.99 374575 Цб 120496 120000374575 1 0.51 N: стар фонд Дата: 01.01.1983 Книги  
Изтеглен Не е изгубен Universal Decimal Classification Не е повреден без рестрикции заемане за дома 197286 Регионална библиотека "Любен Каравелов" Русе Регионална библиотека "Любен Каравелов" Русе Заемна - подръчен фонд 1983-01-01 Заемна - подръчен фонд 0.99 375402 П 886.7-1/Б 13 375402 2 0.51 N: стар фонд Дата: 01.01.1983 Книги  
Изтеглен Не е изгубен   Не е повреден без рестрикции заемане за дома 197287 Регионална библиотека "Любен Каравелов" Русе Регионална библиотека "Любен Каравелов" Русе   1983-01-01 Заемна - подръчен фонд 0.99 375404 П 886.7-1/Б 13 375404 3 0.51 N: стар фонд Дата: 01.01.1983 Книги Отч.N: 6/2018 , Дата: 22.01.2018
  Не е изгубен Universal Decimal Classification Не е повреден без рестрикции заемане за дома 197288 Регионална библиотека "Любен Каравелов" Русе Регионална библиотека "Любен Каравелов" Русе Заемна - подръчен фонд 1983-01-01 Заемна - подръчен фонд 0.99 375405 П 886.7-1/Б 13 120000375405 4 0.51 N: стар фонд Дата: 01.01.1983 Дата инв: 15.02.2018 Бележки инв: П2018 Книги  
Изтеглен Не е изгубен Universal Decimal Classification Не е повреден без рестрикции заемане за дома 197289 Регионална библиотека "Любен Каравелов" Русе Регионална библиотека "Любен Каравелов" Русе Заемна - подръчен фонд 1983-01-01 Заемна - подръчен фонд 0.99 375406 П 886.7-1/Б 13 375406 5 0.51 N: стар фонд Дата: 01.01.1983 Книги  
Vip Innovations Ltd, Rousse, Bulgaria 2025